[Event "BL2 Ost 1718 (Women)"]
[Site "Germany"]
[Date "2017.10.14"]
[Round "1.5"]
[White "Reiss, Josephine"]
[Black "Ferrenberg, Lydia"]
[Result "1-0"]
[WhiteElo "1651"]
[BlackElo "1618"]
[PlyCount "55"]
[EventDate "2017.10.14"]
[EventType "team-tourn"]
[EventRounds "7"]
[EventCountry "GER"]
[SourceTitle "EXT 2019"]
[Source "ChessBase"]
[SourceDate "2018.10.10"]
[SourceVersion "1"]
[SourceVersionDate "2018.10.10"]
[SourceQuality "1"]
[WhiteTeam "Loeberitz (W)"]
[BlackTeam "Chemnitz Aufbau (W)"]
[WhiteTeamCountry "GER"]
[BlackTeamCountry "GER"]

1. e4 d6 2. d4 Nf6 3. Nc3 g6 4. Nf3 Bg7 5. Bc4 c6 6. Bb3 0-0 7. 0-0 b5 8. a3 h6 9. Bf4 a5 10. Qd2 Kh7 11. e5 dxe5 12. Nxe5 e6 13. Qe3 Bb7 14. Ne2 Nbd7 15. c3 Nb6 16. Qh3 Nbd5 17. Bg5 Qc7 18. Bc2 Rh8 19. Qh4 Kg8 20. Bd2 g5 21. Qg3 Qe7 22. f4 Nh5 23. Qf3 Ndxf4 24. Nxf4 Nxf4 25. Bxf4 gxf4 26. Qxf4 Bxe5 27. Qxe5 Rd8 28. Rf3 1-0

[Event "Sachsen-ch U18 Girls"]
[Site "Sebnitz"]
[Date "2011.04.28"]
[Round "3"]
[White "Guendel, Anna"]
[Black "Ferrenberg, Lydia"]
[Result "0-1"]
[WhiteElo "1247"]
[BlackElo "1509"]
[PlyCount "42"]
[EventDate "2011.04.26"]
[EventType "tourn"]
[EventRounds "5"]
[EventCountry "GER"]
[SourceTitle "EXT 2012"]
[Source "ChessBase"]
[SourceDate "2011.11.24"]
[SourceVersion "1"]
[SourceVersionDate "2011.11.24"]
[SourceQuality "1"]

1. e4 c5 2. Nc3 Nc6 3. Nf3 e6 4. Bc4 a6 5. a4 Nf6 6. d3 g6 7. Be3 d5 8. exd5 exd5 9. Nxd5 Nxd5 10. Bg5 Be7 11. Bd2 Be6 12. Bxd5 Qxd5 13. h3 0-0 14. 0-0 Bf6 15. Rb1 Rfe8 16. b3 Bg7 17. Re1 Rad8 18. Bg5 Rc8 19. Qd2 Ne7 20. c4 Qc6 21. Be3 Bxh3 0-1

[Event "BL2 Mitte 1011 (Women)"]
[Site "Germany"]
[Date "2010.11.07"]
[Round "2.4"]
[White "Ferrenberg, Lydia"]
[Black "Toth, Lili"]
[Result "0-1"]
[WhiteElo "1504"]
[BlackElo "2225"]
[PlyCount "68"]
[EventDate "2010.11.06"]
[EventType "team-tourn"]
[EventRounds "7"]
[EventCountry "GER"]
[SourceTitle "EXT 2012"]
[Source "ChessBase"]
[SourceDate "2011.11.24"]
[SourceVersion "1"]
[SourceVersionDate "2011.11.24"]
[SourceQuality "1"]
[WhiteTeam "Chemnitz (W)"]
[BlackTeam "Friedberg (W)"]
[WhiteTeamCountry "GER"]
[BlackTeamCountry "GER"]

1. c4 e6 2. Nc3 d5 3. cxd5 exd5 4. d4 Nf6 5. Nf3 Bd6 6. e3 c6 7. Bd3 Bg4 8. 0-0 0-0 9. h3 Bh5 10. e4 dxe4 11. Nxe4 Be7 12. Be3 Nbd7 13. Nc5 Nxc5 14. dxc5 Bxf3 15. Qxf3 Qxd3 16. Rfd1 Qg6 17. a3 Rad8 18. Re1 Rd3 19. b4 Nd5 20. Qe2 Nxe3 21. fxe3 Qe4 22. Rad1 Rfd8 23. Kh2 Bg5 24. Rxd3 Rxd3 25. Qc2 Bxe3 26. Rd1 Bf4+ 27. Kh1 Rxh3+ 28. Kg1 Be3+ 29. Kf1 Rh1+ 30. Ke2 Qxc2+ 31. Kxe3 Rxd1 32. Kf3 Rd3+ 33. Kf4 Qc4+ 34. Ke5 Rd5# 0-1

[Event "GER-chT U14 Girls"]
[Site "Stuttgart"]
[Date "2007.12.27"]
[Round "2.1"]
[White "Ferrenberg, Lydia"]
[Black "Schmalhorst, Sophia"]
[Result "1/2-1/2"]
[WhiteElo "1296"]
[BlackElo "1312"]
[PlyCount "117"]
[EventDate "2007.12.27"]
[EventType "team-swiss"]
[EventRounds "7"]
[EventCountry "GER"]
[SourceTitle "EXT 2009"]
[Source "ChessBase"]
[SourceDate "2008.11.26"]
[SourceVersion "1"]
[SourceVersionDate "2008.11.26"]
[SourceQuality "1"]
[WhiteTeam "Chemnitz Aufbau U14 Girls"]
[BlackTeam "Rossdorf SC Ladja U14 Girls"]
[WhiteTeamCountry "GER"]
[BlackTeamCountry "GER"]

1. c4 e5 2. Nc3 Nf6 3. d3 d5 4. cxd5 Nxd5 5. Nf3 Nc6 6. g3 Be6 7. Bg2 Be7 8. 0-0 f6 9. a3 Qd7 10. Re1 0-0-0 11. Bd2 Kb8 12. Rc1 g5 13. Nxd5 Bxd5 14. Be3 h5 15. b4 a6 16. Qa4 Na7 17. Bxa7+ Kxa7 18. Qc2 Rc8 19. Red1 h4 20. d4 e4 21. Nd2 hxg3 22. fxg3 f5 23. e3 Bd6 24. Bf1 Qh7 25. Nc4 Bxc4 26. Bxc4 Qh3 27. Bf1 Qg4 28. Be2 Qh3 29. Bf1 Qh5 30. b5 axb5 31. Bxb5 Bxg3 32. Rd2 Bd6 33. Rb1 Qg4+ 34. Kf1 Qh3+ 35. Rg2 Qf3+ 36. Rf2 Qh3+ 37. Rg2 Ra8 38. Bc6 Kb8 39. Bxb7 Rxa3 40. Ba6+ Ka7 41. Qb2 Qf3+ 42. Rf2 Qh3+ 43. Ke1 Rxe3+ 44. Kd1 Qg4+ 45. Be2 Rd3+ 46. Ke1 Qg1+ 47. Rf1 Bg3+ 48. hxg3 Qxg3+ 49. Rf2 Rh1+ 50. Bf1 Qe3+ 51. Qe2 Qxe2+ 52. Rxe2 Ra3 53. Kf2 Rh8 54. Rc2 Rc8 55. Bc4 Rb8 56. Rxb8 Kxb8 57. Rb2+ Ka7 58. Rb5 Rf3+ 59. Ke2 1/2-1/2

[Event "Sachsen-ch U14 Girls"]
[Site "Sebnitz"]
[Date "2007.04.10"]
[Round "1"]
[White "Ferrenberg, Lydia"]
[Black "Stark, Saskia"]
[Result "0-1"]
[WhiteElo "1100"]
[BlackElo "1547"]
[PlyCount "72"]
[EventDate "2007.04.10"]
[EventType "swiss"]
[EventRounds "7"]
[EventCountry "GER"]
[SourceTitle "EXT 2008"]
[Source "ChessBase"]
[SourceDate "2007.11.25"]
[SourceVersion "1"]
[SourceVersionDate "2007.11.25"]
[SourceQuality "1"]

1. c4 e6 2. Nc3 Nf6 3. Nf3 d5 4. cxd5 exd5 5. d4 c6 6. Bg5 Nbd7 7. e3 Bd6 8. Bd3 0-0 9. 0-0 Re8 10. Re1 h6 11. Bh4 Qb6 12. b3 Bb4 13. Na4 Qa5 14. Re2 b5 15. a3 Bd6 16. b4 Qxa4 17. Qc1 Bb7 18. Bxf6 Nxf6 19. h3 Nd7 20. Qd2 Nb6 21. Bc2 Qa6 22. Qd3 g6 23. e4 dxe4 24. Rxe4 Bxb4 25. Rh4 Bf8 26. Ne5 Rxe5 27. dxe5 Re8 28. Qb3 Nd5 29. Re1 Qxa3 30. Qxa3 Bxa3 31. Rxh6 Bb2 32. e6 Kg7 33. Rh4 Bc8 34. Rhe4 Rxe6 35. Rxe6 Bxe6 36. Rb1 Bc3 0-1

[Event "Sachsen-ch U14 Girls"]
[Site "Sebnitz"]
[Date "2006.04.22"]
[Round "7"]
[White "Ferrenberg, Lydia"]
[Black "Fritsche, Miriam"]
[Result "1/2-1/2"]
[WhiteElo "1059"]
[BlackElo "940"]
[PlyCount "61"]
[EventDate "2006.04.18"]
[EventType "swiss"]
[EventRounds "7"]
[EventCountry "GER"]
[SourceTitle "EXT 2007"]
[Source "ChessBase"]
[SourceDate "2006.11.23"]
[SourceVersion "1"]
[SourceVersionDate "2006.11.23"]
[SourceQuality "1"]

1. c4 Nf6 2. Nc3 e6 3. Nf3 d5 4. cxd5 Nxd5 5. g3 Nxc3 6. bxc3 Nc6 7. Bg2 Bc5 8. 0-0 0-0 9. c4 Qf6 10. Rb1 Rb8 11. d3 Bd7 12. Bg5 Qg6 13. Qc1 f6 14. Bd2 e5 15. Nh4 Qf7 16. Bd5 Be6 17. Bg2 Bd7 18. a3 b6 19. Bd5 Be6 20. Bxc6 Bh3 21. Bd5 Be6 22. Bg2 Qh5 23. Bf3 Bg4 24. Bd5+ Kh8 25. Bf3 Bxf3 26. exf3 g5 27. g4 Qxh4 28. Bb4 Bxb4 29. axb4 Rfd8 30. Qe3 Qh6 31. c5 1/2-1/2

[Event "Sachsen-ch U14 Girls"]
[Site "Sebnitz"]
[Date "2006.04.19"]
[Round "3"]
[White "Ferrenberg, Lydia"]
[Black "Roessler, Katharina"]
[Result "1-0"]
[WhiteElo "1059"]
[BlackElo "1276"]
[PlyCount "67"]
[EventDate "2006.04.18"]
[EventType "swiss"]
[EventRounds "7"]
[EventCountry "GER"]
[SourceTitle "EXT 2007"]
[Source "ChessBase"]
[SourceDate "2006.11.23"]
[SourceVersion "1"]
[SourceVersionDate "2006.11.23"]
[SourceQuality "1"]

1. c4 e6 2. Nc3 d5 3. cxd5 exd5 4. d4 Nf6 5. Nf3 Nc6 6. e3 Bb4 7. Bd2 Bxc3 8. bxc3 Ne4 9. Rb1 Qd6 10. c4 dxc4 11. Bxc4 Be6 12. Bxe6 Qxe6 13. 0-0 0-0 14. a3 b6 15. Be1 Ne7 16. Qd3 Rad8 17. Qc2 c5 18. dxc5 Nxc5 19. Bb4 Ne4 20. Nd4 Qe5 21. Bxe7 Rc8 22. Qd3 Qxe7 23. Nf5 Qe5 24. Nd4 Rc3 25. Qe2 Rxa3 26. Rbc1 Qd5 27. Qb5 Ra2 28. Qb4 Nd2 29. Rfd1 Ne4 30. Nc6 Qg5 31. Ne7+ Kh8 32. Ng6+ hxg6 33. Qxf8+ Kh7 34. Rc8 1-0

[Event "Sachsen-ch U14 Girls"]
[Site "Sebnitz"]
[Date "2006.04.18"]
[Round "1"]
[White "Ferrenberg, Lydia"]
[Black "Bischoff, Laura"]
[Result "0-1"]
[WhiteElo "1059"]
[BlackElo "1512"]
[PlyCount "48"]
[EventDate "2006.04.18"]
[EventType "swiss"]
[EventRounds "7"]
[EventCountry "GER"]
[SourceTitle "EXT 2007"]
[Source "ChessBase"]
[SourceDate "2006.11.23"]
[SourceVersion "1"]
[SourceVersionDate "2006.11.23"]
[SourceQuality "1"]

1. c4 e6 2. Nc3 Nf6 3. Nf3 d5 4. cxd5 exd5 5. d4 c6 6. e3 Bd6 7. Bd3 0-0 8. 0-0 Bg4 9. e4 dxe4 10. Nxe4 Nxe4 11. Bxe4 Qc7 12. Qd3 f5 13. Qb3+ Kh8 14. Bc2 Nd7 15. Nh4 Bxh2+ 16. Kh1 Bd6 17. f3 Bh5 18. Nxf5 Bg6 19. Nxd6 Bxc2 20. Qxc2 Qxd6 21. Rd1 Rae8 22. a4 Qg3 23. d5 cxd5 24. Rxd5 Re1# 0-1